000
00307nam a2200145Ia 4500
008
150301s2015 xx 000 0 und d
082
_a
574
_b
M02T
100
_a
P.C TURNER
245
_a
MOLECULAR BIOLOGY
250
_a
IST
260
_b
VINA BOOK
300
_a
346
650
_a
BIOLOGY
942
_2
ddc
_c
BK
999
_c
7061
_d
7061